Introduction to Thermodynamics and Heat Transfer / (Record no. 31748)

000 -LEADER
fixed length control field 01769fam a2200373 a 4500
001 - CONTROL NUMBER
control field 1993925
003 - CONTROL NUMBER IDENTIFIER
control field OSt
005 - DATE AND TIME OF LATEST TRANSACTION
control field 20211026160041.0
008 - FIXED-LENGTH DATA ELEMENTS--GENERAL INFORMATION
fixed length control field 960808s1997 nyua b 001 0 eng
010 ## - LIBRARY OF CONGRESS CONTROL NUMBER
LC control number 96036053
020 ## - INTERNATIONAL STANDARD BOOK NUMBER
International Standard Book Number 0070114986 (text : acidfree paper)
035 ## - SYSTEM CONTROL NUMBER
System control number (OCoLC)35280644
035 ## - SYSTEM CONTROL NUMBER
System control number (OCoLC)ocm35280644
035 ## - SYSTEM CONTROL NUMBER
System control number (NNC)1993925
038 ## - RECORD CONTENT LICENSOR
Staff Name khadija
040 ## - CATALOGING SOURCE
Original cataloging agency DLC
Transcribing agency DLC
Modifying agency DLC
-- NNC
-- OrLoB-B
050 00 - LIBRARY OF CONGRESS CALL NUMBER
Classification number QC311
Item number .C42 1997
082 00 - DEWEY DECIMAL CLASSIFICATION NUMBER
Classification number 621.402
Edition number 20
Author Mark CEN
100 1# - MAIN ENTRY--PERSONAL NAME
Personal name Çengel, Yunus A.
9 (RLIN) 2462
245 10 - TITLE STATEMENT
Title Introduction to Thermodynamics and Heat Transfer /
Statement of responsibility, etc. Yunus A. Çengel.
246 3# - VARYING FORM OF TITLE
Title proper/short title Thermodynamics and heat transfer
250 ## - EDITION STATEMENT
Edition statement International ed.
260 ## - PUBLICATION, DISTRIBUTION, ETC.
Place of publication, distribution, etc. New York :
Name of publisher, distributor, etc. McGraw-Hill,
Date of publication, distribution, etc. c1997.
300 ## - PHYSICAL DESCRIPTION
Extent xxvii, 922 p. :
Other physical details col. ill. ;
Dimensions 24 cm.
490 1# - SERIES STATEMENT
Series statement McGraw-Hill series in mechanical engineering
504 ## - BIBLIOGRAPHY, ETC. NOTE
Bibliography, etc. note Includes bibliographical references and index.
505 00 - FORMATTED CONTENTS NOTE
Miscellaneous information 1.
Title Basic Concepts of Thermodynamics --
Miscellaneous information 2.
Title Properties of Pure Substances --
Miscellaneous information 3.
Title The First Law of Thermodynamics: Closed Systems --
Miscellaneous information 4.
Title The First Law of Thermodynamics: Control Volumes --
Miscellaneous information 5.
Title The Second Law of Thermodynamics --
Miscellaneous information 6.
Title Entropy --
Miscellaneous information 7.
Title Power and Refrigeration Cycles --
Miscellaneous information 8.
Title Steady Heat Conduction --
Miscellaneous information 9.
Title Transient Heat Conduction --
Miscellaneous information 10.
Title Forced Convection --
Miscellaneous information 11.
Title Natural Convection --
Miscellaneous information 12.
Title Radiation Heat Transfer --
Miscellaneous information 13.
Title Heat Exchangers --
Miscellaneous information 14.
Title Cooling of Electronic Equipment --
Miscellaneous information App. 1.
Title Property Tables and Charts (SI Units) --
Miscellaneous information App. 2.
Title Property Tables and Charts (English Units).
563 ## - BINDING INFORMATION
Binding note Hardcover
650 #0 - SUBJECT ADDED ENTRY--TOPICAL TERM
Topical term or geographic name entry element Thermodynamics.
9 (RLIN) 7134
650 #0 - SUBJECT ADDED ENTRY--TOPICAL TERM
Topical term or geographic name entry element Heat
General subdivision Transmission.
9 (RLIN) 1537
830 #0 - SERIES ADDED ENTRY--UNIFORM TITLE
Uniform title McGraw-Hill series in mechanical engineering.
9 (RLIN) 3283
900 ## - EQUIVALENCE OR CROSS-REFERENCE-PERSONAL NAME [LOCAL, CANADA]
Numeration TOC
942 ## - ADDED ENTRY ELEMENTS (KOHA)
Source of classification or shelving scheme
Koha item type Book
Holdings
Withdrawn status Lost status Source of classification or shelving scheme Damaged status Not for loan Permanent Location Current Location Shelving location Date acquired Total Checkouts Total Renewals Full call number Barcode Checked out Date last seen Date last checked out Price effective from Koha item type
          School of Mechanical & Manufacturing Engineering (SMME) School of Mechanical & Manufacturing Engineering (SMME) General Stacks 07/01/2015 6 2 621.402 CEN SMME-266 03/30/2024 02/29/2024 02/29/2024 07/01/2015 Book
© 2023 Central Library, National University of Sciences and Technology. All Rights Reserved.